〈ポケモン〉フェアリータイプを当てる -サドンデス- - Statistics

General Stats
  • This quiz has been taken 275 times
  • The average score is 16 of 30
Answers on the Grid
Answers color-coded by a green-red scale on the quiz's grid according to % correct below.
ニンフィア
ピカチュウ
ルカリオ
デデンネ
イーブイ
デカヌチャン
セレビィ
トゲピー
レジギガス
ディアンシー
ミュウツー
ミミッキュ
オーロンゲ
キテルグマ
グランブル
ベロリンガ
スターミー
エルフーン
クレッフィ
ヤンチャム
コラッタ
ラブトロス
ミロカロス
クチート
キュウコン(アローラのすがた)
ギャロップ(ガラルのすがた)
ウインディ(ヒスイのすがた)
サンドパン(アローラのすがた)
ナッシー(アローラのすがた)
ザシアン(けんのおう)
ペロッパフ
キュレム
ゼルネアス
ウミトリオ
アシレーヌ
キレイハナ
マリル
シキジカ
パピモッチ
エモンガ
バリヤード
アノプス
サニーゴ
ピッピ
カプ・コケコ
カプ・レヒレ
サーナイト
エルレイド
ヤバチャ
フラエッテ
ヒメンカ
ラッキー
タブンネ
メガタブンネ
ラランテス
プリン
マホイップ
ヤドン
ヒメグマ
キュワワー
 
Answer Stats
Answer % Correct
フェアリー ニンフィア
98%
フェアリー・はがね デカヌチャン
70%
いわ・フェアリー ディアンシー
70%
ゴースト・フェアリー ミミッキュ
62%
あく・フェアリー オーロンゲ
62%
フェアリー トゲピー
61%
フェアリー ゼルネアス
60%
でんき・フェアリー デデンネ
58%
フェアリー グランブル
57%
フェアリー ペロッパフ
56%
フェアリー マホイップ
56%
エスパー・フェアリー サーナイト
55%
はがね・フェアリー クレッフィ
54%
フェアリー・ひこう ラブトロス
54%
フェアリー・はがね ザシアン(けんのおう)
53%
みず・フェアリー アシレーヌ
53%
はがね・フェアリー クチート
52%
くさ・フェアリー エルフーン
51%
フェアリー フラエッテ
50%
フェアリー キュワワー
50%
みず・フェアリー カプ・レヒレ
49%
フェアリー ピッピ
47%
こおり・フェアリー キュウコン(アローラのすがた)
46%
みず・フェアリー マリル
44%
でんき・フェアリー カプ・コケコ
42%
ノーマル・フェアリー メガタブンネ
41%
エスパー・フェアリー ギャロップ(ガラルのすがた)
38%
ノーマル・フェアリー プリン
38%
フェアリー パピモッチ
35%
エスパー・フェアリー バリヤード
29%
No matching quizzes found
Score Distribution
Percent of People with Each Score
Percentile by Number Answered
Your Score History
You have not taken this quiz